Paroles - L'autre Finistère - Les Innocents - Statistiques

Statistiques générales
  • Ce quiz a été pris 390 fois
  • Le résultat moyen est 198 sur 297
Statistiques - réponses
Réponses % Correct
A
98%
à
98%
a
98%
de
97%
me
97%
fin
96%
un
96%
Un
96%
Ce
95%
la
95%
La
95%
Et
94%
et
94%
le
94%
autre
93%
Finistère
93%
Dans
89%
dans
89%
Il
89%
il
89%
89%
Si
88%
cet
87%
est
87%
nos
87%
Nos
87%
ma
84%
belle
82%
des
81%
Des
81%
Une
81%
une
81%
taire
80%
jour
79%
silence
79%
apprendrai
78%
J´y
78%
larmes
77%
long
77%
tes
77%
tu
77%
différences
76%
estuaire
76%
Que
76%
que
76%
belles
75%
Je
75%
je
75%
aux
74%
Aux
74%
pour
74%
retenir
74%
mystères
71%
soupirs
71%
On
69%
on
69%
plages
68%
se
68%
toi
68%
fois
67%
ne
67%
qui
67%
En
66%
fatigué
65%
Qu´un
65%
y
65%
Y
65%
dernière
64%
Du
64%
Ces
63%
longues
63%
grand
61%
nous
61%
voix
61%
les
60%
briser
59%
sur
59%
sûr
59%
fleuves
58%
D´amour
57%
peu
57%
cent
56%
décibels
55%
plus
55%
vingt
55%
pas
52%
c´est
50%
C´est
50%
Comprendrais
50%
Contre
50%
châtaigner
49%
mêle
49%
beaux
48%
escarmouches
48%
J´aille
48%
tout
48%
presqu´île
47%
bouche
46%
combats
46%
cruel
45%
imbéciles
45%
peurs
45%
discours
44%
monde
44%
Tous
44%
bien
43%
doigt
43%
fait
43%
l´eau
43%
mal
43%
qu´à
43%
choses
42%
temps
41%
comme
40%
Trouverais
40%
devenir
39%
jamais
39%
attendre
38%
duels
37%
fort
37%
m´en
37%
irait
36%
même
36%
puis
36%
sourd
36%
n´existent
35%
Oublier
35%
toile
35%
d´entendre
34%
mots
34%
sous
34%
vais
34%
figure
33%
miel
33%
rêvait
33%
sucre
33%
avant
32%
faciles
32%
Nîmes
32%
promesses
32%
t´emmène
32%
villes
32%
fissurent
31%
hors
31%
voudrais
31%
l´air
30%
murs
30%
opprime
30%
ciel
29%
fertiles
29%
jardins
29%
Car
28%
jours
26%
roses
26%
Sans
26%
Jeter
25%
qu´entre
25%
sait
25%
s´imagine
25%
vers
25%
liens
24%
vautours
24%
Emporter
23%
l´argile
22%
abîment
21%
là-haut
21%
N´être
21%
patine
18%
voir
18%
l´on
0%
qu´on
0%
Aucun quiz correspondant
Distribution des résultats
% des personnes avec chaque résultat
Percentile par nombre de réponses
Votre historique - résultats
Vous n’avez pas pris ce quiz